[Event "World Chess Olympiad 2018"]
[Site "Batumi"]
[Date "2018.10.02"]
[Round "8"]
[Board "3"]
[WhiteFideId "14800276"]
[White "Chunguane Ilidio Alberto"]
[BlackFideId "21500029"]
[Black "Al Habeeb Emad"]
[Result "1/2-1/2"]
[LiveChessVersion "1.4.8"]
[BlackElo "1910"]
[WhiteElo "2054"]

1. Nf3 {[%clk 1:30:43]} Nf6 {[%clk 1:30:44]} 2. d4 {[%clk 1:30:32]} d6
{[%clk 1:30:33]} 3. c4 {[%clk 1:30:22]} Nbd7 {[%clk 1:29:04]} 4. Bf4
{[%clk 1:29:40]} c5 {[%clk 1:26:24]} 5. d5 {[%clk 1:27:15]} Qb6 {[%clk 1:23:02]}
6. Qc2 {[%clk 1:26:06]} g6 {[%clk 1:19:35]} 7. Nc3 {[%clk 1:25:07]} Bg7
{[%clk 1:19:21]} 8. e4 {[%clk 1:22:54]} O-O {[%clk 1:14:55]} 9. Be2
{[%clk 1:14:59]} Nb8 {[%clk 1:11:45]} 10. O-O {[%clk 1:11:20]} Na6
{[%clk 1:08:48]} 11. a3 {[%clk 1:11:14]} Bd7 {[%clk 1:06:39]} 12. h3
{[%clk 1:09:16]} e5 {[%clk 0:59:45]} 13. dxe6 {[%clk 1:07:46]} Bxe6
{[%clk 0:53:20]} 14. Rad1 {[%clk 1:05:24]} Rfd8 {[%clk 0:52:41]} 15. Nb5
{[%clk 1:03:23]} Ne8 {[%clk 0:50:30]} 16. Rd2 {[%clk 0:58:05]} Nac7
{[%clk 0:44:38]} 17. Ng5 {[%clk 0:50:40]} Nxb5 {[%clk 0:38:28]} 18. cxb5
{[%clk 0:50:28]} Nc7 {[%clk 0:34:21]} 19. Bc4 {[%clk 0:39:17]} Bxc4
{[%clk 0:27:13]} 20. Qxc4 {[%clk 0:36:22]} Rd7 {[%clk 0:27:32]} 21. a4
{[%clk 0:32:56]} a6 {[%clk 0:23:34]} 22. bxa6 {[%clk 0:32:50]} Qxa6
{[%clk 0:19:10]} 23. Qxa6 {[%clk 0:28:45]} Rxa6 {[%clk 0:19:31]} 24. b3
{[%clk 0:28:49]} h6 {[%clk 0:15:42]} 25. Nf3 {[%clk 0:28:49]} g5 {[%clk 0:15:04]}
26. Bg3 {[%clk 0:23:03]} Rb6 {[%clk 0:09:58]} 27. Rd3 {[%clk 0:21:27]} Ne6
{[%clk 0:09:06]} 28. Be5 {[%clk 0:17:32]} Bxe5 {[%clk 0:08:06]} 29. Nxe5
{[%clk 0:17:37]} Rd8 {[%clk 0:04:36]} 30. Nc4 {[%clk 0:16:20]} Ra6
{[%clk 0:04:18]} 31. e5 {[%clk 0:07:37]} d5 {[%clk 0:03:03]} 32. Nd6
{[%clk 0:07:03]} Rb6 {[%clk 0:01:51]} 33. Nf5 {[%clk 0:03:59]} Kh7
{[%clk 0:01:39]} 34. Rc1 {[%clk 0:03:27]} d4 {[%clk 0:01:11]} 35. Nd6
{[%clk 0:02:18]} Rd7 {[%clk 0:00:35]} 36. Ne8 {[%clk 0:02:09]} Kg6
{[%clk 0:00:39]} 37. Nd6 {[%clk 0:02:06]} f6 {[%clk 0:00:34]} 38. Nc4
{[%clk 0:02:26]} Rb4 {[%clk 0:00:40]} 39. exf6 {[%clk 0:01:56]} Kxf6
{[%clk 0:00:56]} 40. g3 {[%clk 0:31:35]} b5 {[%clk 0:30:51]} 41. Nb6
{[%clk 0:23:00]} Rd8 {[%clk 0:30:14]} 42. a5 {[%clk 0:23:15]} Rd6
{[%clk 0:23:44]} 43. Kg2 {[%clk 0:20:17]} Kf5 {[%clk 0:20:02]} 44. Rf3+
{[%clk 0:18:56]} Kg6 {[%clk 0:19:44]} 45. Rd3 {[%clk 0:19:02]} h5
{[%clk 0:18:08]} 46. Nc8 {[%clk 0:15:26]} Rd7 {[%clk 0:13:54]} 47. Nb6
{[%clk 0:09:53]} Rd6 {[%clk 0:14:06]} 48. Kf3 {[%clk 0:09:31]} Kf6
{[%clk 0:12:06]} 49. Ke2 {[%clk 0:08:39]} Ke5 {[%clk 0:08:42]} 50. Kd2
{[%clk 0:07:43]} Rd8 {[%clk 0:07:55]} 51. Rf3 {[%clk 0:07:16]} Kd6
{[%clk 0:05:47]} 52. Ra1 {[%clk 0:03:54]} c4 {[%clk 0:04:53]} 53. a6
{[%clk 0:03:31]} Nc7 {[%clk 0:04:03]} 54. a7 {[%clk 0:02:22]} Na8
{[%clk 0:02:23]} 55. Nxa8 Rxa8 {[%clk 0:02:46]} 56. bxc4 {[%clk 0:02:01]} bxc4
{[%clk 0:02:33]} 57. h4 {[%clk 0:01:37]} gxh4 {[%clk 0:02:05]} 58. gxh4
{[%clk 0:02:05]} Rb2+ {[%clk 0:02:14]} 59. Kc1 {[%clk 0:02:18]} c3
{[%clk 0:01:46]} 60. Rd3 {[%clk 0:00:44]} Kc5 {[%clk 0:01:17]} 1/2-1/2

[Event "World Chess Olympiad 2018"]
[Site "Batumi"]
[Date "2018.10.02"]
[Round "8"]
[Board "4"]
[WhiteFideId "21502390"]
[White "Al Thebaiti Ahmed M"]
[BlackFideId "14800500"]
[Black "Gafar Izdine"]
[Result "1/2-1/2"]
[LiveChessVersion "1.4.8"]
[BlackElo "1984"]
[WhiteElo "1988"]

1. d4 {[%clk 1:30:57]} d5 {[%clk 1:30:47]} 2. Bf4 {[%clk 1:31:20]} Nf6
{[%clk 1:29:30]} 3. e3 {[%clk 1:31:39]} Bf5 {[%clk 1:28:02]} 4. c4
{[%clk 1:31:47]} e6 {[%clk 1:27:44]} 5. Nd2 {[%clk 1:27:01]} c5 {[%clk 1:27:25]}
6. Qb3 {[%clk 1:17:48]} Qb6 {[%clk 1:19:37]} 7. Ngf3 {[%clk 0:58:09]} Nc6
{[%clk 1:18:56]} 8. Be2 {[%clk 0:53:55]} Be7 {[%clk 1:17:57]} 9. O-O
{[%clk 0:53:48]} O-O {[%clk 1:18:17]} 10. Bg3 {[%clk 0:45:55]} Ne4
{[%clk 1:06:38]} 11. cxd5 {[%clk 0:45:04]} Nxg3 {[%clk 1:05:30]} 12. hxg3
{[%clk 0:45:33]} exd5 {[%clk 1:04:32]} 13. Qxd5 {[%clk 0:37:33]} Be6
{[%clk 1:03:42]} 14. dxc5 {[%clk 0:35:46]} Bxc5 {[%clk 1:03:45]} 15. Qh5
{[%clk 0:35:46]} Be7 {[%clk 1:02:07]} 16. b3 {[%clk 0:33:04]} Bf6
{[%clk 1:01:54]} 17. Rac1 {[%clk 0:33:10]} Rad8 {[%clk 1:01:52]} 18. Ne4
{[%clk 0:28:24]} Be7 {[%clk 1:00:31]} 19. Qb5 {[%clk 0:23:37]} Ba3
{[%clk 0:42:38]} 20. Qxb6 {[%clk 0:22:59]} axb6 {[%clk 0:42:55]} 21. Rcd1
{[%clk 0:22:54]} h6 {[%clk 0:41:48]} 22. Nc3 {[%clk 0:22:57]} Bb2
{[%clk 0:41:22]} 23. Na4 {[%clk 0:22:35]} Bf6 {[%clk 0:41:02]} 24. Nxb6
{[%clk 0:22:42]} Nb4 {[%clk 0:40:55]} 25. Bc4 {[%clk 0:22:15]} Bxc4
{[%clk 0:39:07]} 26. bxc4 {[%clk 0:22:15]} Nxa2 {[%clk 0:39:33]} 27. Nd7
{[%clk 0:22:36]} Nc3 {[%clk 0:37:00]} 28. Nxf6+ {[%clk 0:22:51]} gxf6
{[%clk 0:37:10]} 29. Rxd8 {[%clk 0:20:38]} Rxd8 {[%clk 0:37:38]} 30. Nd4
{[%clk 0:20:09]} Rc8 {[%clk 0:36:25]} 31. Nf5 {[%clk 0:20:10]} Rxc4
{[%clk 0:35:33]} 32. Nxh6+ {[%clk 0:20:27]} Kf8 {[%clk 0:34:59]} 33. Nf5
{[%clk 0:17:48]} b5 {[%clk 0:34:46]} 34. Ra1 {[%clk 0:17:48]} Ra4
{[%clk 0:32:48]} 35. Rxa4 {[%clk 0:14:28]} bxa4 {[%clk 0:32:41]} 36. Kf1
{[%clk 0:14:26]} a3 {[%clk 0:31:48]} 37. Nd4 {[%clk 0:14:45]} a2 {[%clk 0:30:38]}
38. Nb3 {[%clk 0:09:31]} Ke7 {[%clk 0:31:06]} 1/2-1/2

[Event "World Chess Olympiad 2018"]
[Site "Batumi"]
[Date "2018.10.02"]
[Round "8"]
[Board "1"]
[WhiteFideId "6100775"]
[White "Rocha Maximiliano"]
[BlackFideId "10500103"]
[Black "Pg Mohd Omar Ak Hira"]
[Result "0-1"]
[LiveChessVersion "1.4.8"]
[BlackElo "2175"]
[WhiteElo "2185"]

1. e4 {[%clk 1:30:44]} c5 {[%clk 1:30:17]} 2. c3 {[%clk 1:29:42]} d5
{[%clk 1:28:54]} 3. exd5 {[%clk 1:29:46]} Qxd5 {[%clk 1:28:05]} 4. Nf3
{[%clk 1:30:02]} Nc6 {[%clk 1:25:05]} 5. Na3 {[%clk 1:28:07]} Bg4
{[%clk 1:22:52]} 6. Be2 {[%clk 1:28:26]} e6 {[%clk 1:20:04]} 7. O-O
{[%clk 1:28:12]} Nf6 {[%clk 1:17:23]} 8. Nc2 {[%clk 1:27:58]} Qd7
{[%clk 1:16:41]} 9. d4 {[%clk 1:28:01]} cxd4 {[%clk 1:15:54]} 10. Ncxd4
{[%clk 1:28:21]} Nxd4 {[%clk 1:14:12]} 11. cxd4 {[%clk 1:28:43]} Be7
{[%clk 1:11:34]} 12. Qb3 {[%clk 1:20:04]} O-O {[%clk 0:52:15]} 13. Ne5
{[%clk 1:09:48]} Qxd4 {[%clk 0:52:18]} 14. Nxg4 {[%clk 1:10:05]} Nxg4
{[%clk 0:52:34]} 15. h3 {[%clk 1:07:14]} Nf6 {[%clk 0:51:01]} 16. Bf3
{[%clk 1:07:07]} Nd5 {[%clk 0:44:15]} 17. Rd1 {[%clk 0:57:27]} Qb4
{[%clk 0:41:44]} 18. Bxd5 {[%clk 0:57:07]} exd5 {[%clk 0:42:03]} 19. Qxb4
{[%clk 0:57:31]} Bxb4 {[%clk 0:42:21]} 20. Rxd5 {[%clk 0:57:59]} Rad8
{[%clk 0:40:39]} 21. Rxd8 {[%clk 0:58:22]} Rxd8 {[%clk 0:41:01]} 22. Be3
{[%clk 0:58:47]} a6 {[%clk 0:39:59]} 23. Rc1 {[%clk 0:59:05]} f5 {[%clk 0:39:49]}
24. g3 {[%clk 0:53:36]} Rd7 {[%clk 0:39:18]} 25. Kg2 {[%clk 0:52:57]} Kf7
{[%clk 0:39:20]} 26. Kf3 {[%clk 0:53:15]} Kf6 {[%clk 0:36:56]} 27. h4
{[%clk 0:53:33]} h6 {[%clk 0:36:16]} 28. h5 {[%clk 0:50:47]} Ke6 {[%clk 0:31:19]}
29. Rc4 {[%clk 0:46:05]} Be7 {[%clk 0:30:45]} 30. b3 {[%clk 0:44:15]} Bf6
{[%clk 0:30:01]} 31. Rb4 {[%clk 0:41:41]} b5 {[%clk 0:26:20]} 32. g4
{[%clk 0:41:10]} Rd1 {[%clk 0:21:11]} 33. a4 {[%clk 0:39:21]} Rd5
{[%clk 0:17:30]} 34. gxf5+ {[%clk 0:39:19]} Rxf5+ {[%clk 0:17:43]} 35. Kg4
{[%clk 0:39:25]} Rd5 {[%clk 0:17:37]} 36. axb5 {[%clk 0:39:39]} axb5
{[%clk 0:17:02]} 37. Re4+ {[%clk 0:38:38]} Kf7 {[%clk 0:15:47]} 38. Rb4
{[%clk 0:37:51]} Ke6 {[%clk 0:15:41]} 39. Re4+ {[%clk 0:38:13]} Kf7
{[%clk 0:14:57]} 40. f4 {[%clk 1:05:50]} Rd3 {[%clk 0:43:16]} 41. b4
{[%clk 1:06:14]} Rd1 {[%clk 0:41:52]} 42. Bf2 {[%clk 1:04:40]} Rd2
{[%clk 0:38:49]} 43. Kf3 {[%clk 1:05:03]} Rb2 {[%clk 0:38:50]} 44. Bc5
{[%clk 1:05:09]} Rh2 {[%clk 0:38:53]} 45. Bd4 {[%clk 1:05:11]} Rxh5
{[%clk 0:35:41]} 46. Bxf6 {[%clk 1:05:34]} Kxf6 {[%clk 0:35:19]} 47. Kg4
{[%clk 1:04:20]} Rd5 {[%clk 0:35:30]} 48. Kf3 {[%clk 1:04:16]} Rd3+
{[%clk 0:34:08]} 49. Kg4 {[%clk 1:04:28]} Rd5 {[%clk 0:31:47]} 50. Kf3
{[%clk 1:04:20]} h5 {[%clk 0:31:29]} 51. Kg3 {[%clk 1:04:46]} g6 {[%clk 0:30:21]}
52. Re8 {[%clk 1:04:14]} Rd3+ {[%clk 0:28:54]} 53. Kh4 {[%clk 1:04:33]} Rd4
{[%clk 0:29:01]} 54. Kg3 {[%clk 1:03:29]} Rxb4 {[%clk 0:29:15]} 55. Re5
{[%clk 1:03:14]} Rb1 {[%clk 0:28:09]} 56. Rc5 {[%clk 1:03:41]} b4
{[%clk 0:28:17]} 57. Rc6+ {[%clk 1:04:00]} Kg7 {[%clk 0:28:22]} 58. Rc7+
{[%clk 1:04:10]} Kh6 {[%clk 0:27:55]} 59. Rb7 {[%clk 1:04:10]} Rb3+
{[%clk 0:25:28]} 60. Kh4 {[%clk 1:03:17]} Rb1 {[%clk 0:25:32]} 61. Kg3
{[%clk 1:02:49]} b3 {[%clk 0:25:41]} 62. Kh3 {[%clk 1:03:11]} b2 {[%clk 0:25:45]}
63. Kh2 {[%clk 1:03:36]} h4 {[%clk 0:25:52]} 64. Kg2 {[%clk 1:03:47]} Kh5
{[%clk 0:25:40]} 65. f5 {[%clk 1:04:10]} gxf5 {[%clk 0:25:41]} 66. Kh2
{[%clk 1:04:28]} Kg4 {[%clk 0:25:25]} 67. Rb8 {[%clk 1:03:48]} f4
{[%clk 0:24:06]} 68. Rb3 {[%clk 1:03:36]} f3 {[%clk 0:23:22]} 69. Rb4+
{[%clk 1:03:16]} Kg5 {[%clk 0:23:26]} 70. Rg4+ {[%clk 1:02:41]} Kf5
{[%clk 0:23:35]} 71. Rb4 {[%clk 1:03:08]} Re1 {[%clk 0:23:44]} 0-1

[Event "World Chess Olympiad 2018"]
[Site "Batumi"]
[Date "2018.10.02"]
[Round "8"]
[Board "2"]
[WhiteFideId "10500499"]
[White "Pg Md Omar Ak Hafizon"]
[BlackFideId "6100457"]
[Black "Alfaro William"]
[Result "1/2-1/2"]
[LiveChessVersion "1.4.8"]
[BlackElo "2163"]
[WhiteElo "2125"]

1. e4 {[%clk 1:30:54]} e6 {[%clk 1:28:19]} 2. d4 {[%clk 1:31:12]} d5
{[%clk 1:28:43]} 3. Nd2 {[%clk 1:29:20]} c5 {[%clk 1:27:11]} 4. c3
{[%clk 1:17:15]} cxd4 {[%clk 1:27:04]} 5. cxd4 {[%clk 1:17:35]} dxe4
{[%clk 1:23:48]} 6. Nxe4 {[%clk 1:18:02]} Bb4+ {[%clk 1:17:54]} 7. Nc3
{[%clk 1:18:25]} Nf6 {[%clk 1:17:45]} 8. Bb5+ {[%clk 1:18:34]} Bd7
{[%clk 1:16:59]} 9. Bxd7+ {[%clk 1:12:53]} Qxd7 {[%clk 1:14:25]} 10. Nf3
{[%clk 1:09:28]} Nc6 {[%clk 1:14:48]} 11. O-O {[%clk 1:09:15]} O-O
{[%clk 1:15:00]} 12. Qb3 {[%clk 0:59:37]} Bxc3 {[%clk 0:58:49]} 13. bxc3
{[%clk 0:59:49]} Na5 {[%clk 0:59:05]} 14. Qb4 {[%clk 0:59:08]} Nc6
{[%clk 0:55:54]} 15. Qb1 {[%clk 0:54:44]} Rfc8 {[%clk 0:51:56]} 16. a4
{[%clk 0:52:34]} b6 {[%clk 0:48:36]} 17. Bg5 {[%clk 0:48:02]} Qd5
{[%clk 0:45:00]} 18. Re1 {[%clk 0:39:43]} Na5 {[%clk 0:45:06]} 19. Re5
{[%clk 0:38:16]} Qb3 {[%clk 0:45:08]} 20. Qe1 {[%clk 0:26:59]} Qxc3
{[%clk 0:30:36]} 21. Bd2 {[%clk 0:25:42]} Qc7 {[%clk 0:29:22]} 22. Bxa5
{[%clk 0:25:23]} bxa5 {[%clk 0:29:51]} 23. Rc5 {[%clk 0:24:17]} Qd8
{[%clk 0:26:12]} 24. Qxa5 {[%clk 0:19:58]} Qxa5 {[%clk 0:25:07]} 25. Rxa5
{[%clk 0:20:25]} Rc2 {[%clk 0:20:32]} 26. Ne5 {[%clk 0:18:23]} g6
{[%clk 0:17:22]} 27. h3 {[%clk 0:16:08]} Ne4 {[%clk 0:14:48]} 28. Re1
{[%clk 0:13:23]} Nc3 {[%clk 0:14:01]} 29. Rc5 {[%clk 0:08:09]} Ne2+
{[%clk 0:13:37]} 30. Kf1 {[%clk 0:07:26]} Nxd4 {[%clk 0:13:32]} 31. Rxc2
{[%clk 0:06:35]} Nxc2 {[%clk 0:14:01]} 32. Rb1 {[%clk 0:06:51]} Rc8
{[%clk 0:04:58]} 1/2-1/2

[Event "World Chess Olympiad 2018"]
[Site "Batumi"]
[Date "2018.10.02"]
[Round "8"]
[Board "3"]
[WhiteFideId "6100376"]
[White "Picado Jorge"]
[BlackFideId "10500219"]
[Black "Yussof Pg Abd Rahman"]
[Result "1-0"]
[LiveChessVersion "1.4.8"]
[BlackElo "1854"]
[WhiteElo "2143"]

1. e4 {[%clk 1:30:17]} e5 {[%clk 1:30:42]} 2. Nf3 {[%clk 1:30:35]} Nc6
{[%clk 1:30:12]} 3. Bb5 {[%clk 1:30:52]} Bc5 {[%clk 1:29:12]} 4. O-O
{[%clk 1:31:08]} Nd4 {[%clk 1:28:38]} 5. Nxd4 {[%clk 1:31:22]} Bxd4
{[%clk 1:28:44]} 6. c3 {[%clk 1:31:40]} Bb6 {[%clk 1:26:48]} 7. d4
{[%clk 1:31:54]} c6 {[%clk 1:25:10]} 8. Ba4 {[%clk 1:20:29]} d6 {[%clk 1:22:31]}
9. dxe5 {[%clk 1:15:34]} dxe5 {[%clk 1:21:45]} 10. Qxd8+ {[%clk 1:15:58]} Bxd8
{[%clk 1:21:48]} 11. Be3 {[%clk 1:16:18]} Nf6 {[%clk 1:19:47]} 12. f3
{[%clk 1:16:39]} O-O {[%clk 1:19:10]} 13. Nd2 {[%clk 1:16:46]} Be7
{[%clk 1:12:00]} 14. Rfd1 {[%clk 1:15:31]} Be6 {[%clk 1:07:04]} 15. Bb3
{[%clk 1:15:40]} Bc8 {[%clk 1:05:16]} 16. Nc4 {[%clk 1:15:01]} Nd7
{[%clk 1:02:17]} 17. Nd6 {[%clk 1:14:53]} Nf6 {[%clk 0:59:37]} 18. Nxc8
{[%clk 1:11:17]} Rfxc8 {[%clk 0:58:59]} 19. a4 {[%clk 1:11:25]} h6
{[%clk 0:53:06]} 20. Kf1 {[%clk 1:06:53]} Kf8 {[%clk 0:49:48]} 21. Ke2
{[%clk 1:06:57]} Ke8 {[%clk 0:47:41]} 22. Rd2 {[%clk 1:05:50]} Rd8
{[%clk 0:47:14]} 23. Rad1 {[%clk 1:05:35]} Rxd2+ {[%clk 0:42:28]} 24. Rxd2
{[%clk 1:05:36]} g5 {[%clk 0:38:12]} 25. Bc4 {[%clk 1:02:09]} b6 {[%clk 0:37:21]}
26. b4 {[%clk 1:02:17]} Rd8 {[%clk 0:35:52]} 27. Ra2 {[%clk 1:00:37]} Bd6
{[%clk 0:29:34]} 28. Ba6 {[%clk 0:57:23]} Kd7 {[%clk 0:28:50]} 29. Bc4
{[%clk 0:52:59]} Ke7 {[%clk 0:26:58]} 30. Bd3 {[%clk 0:50:18]} Rd7
{[%clk 0:20:12]} 31. Bc4 {[%clk 0:49:10]} Ne8 {[%clk 0:18:05]} 32. Ra1
{[%clk 0:48:17]} Nc7 {[%clk 0:17:49]} 33. h4 {[%clk 0:47:34]} f6 {[%clk 0:13:40]}
34. hxg5 {[%clk 0:46:01]} hxg5 {[%clk 0:12:47]} 35. Rh1 {[%clk 0:46:24]} Kf8
{[%clk 0:07:25]} 36. Kf2 {[%clk 0:42:14]} Kg7 {[%clk 0:07:18]} 37. Rd1
{[%clk 0:42:12]} Rd8 {[%clk 0:06:14]} 38. a5 {[%clk 0:38:36]} Nb5
{[%clk 0:04:33]} 39. Bxb5 {[%clk 0:38:11]} cxb5 {[%clk 0:04:11]} 40. axb6
{[%clk 1:08:31]} axb6 {[%clk 0:33:56]} 41. Rd5 {[%clk 1:07:26]} Bc7
{[%clk 0:33:03]} 42. Rxb5 {[%clk 1:07:42]} Rd6 {[%clk 0:24:25]} 43. c4
{[%clk 1:07:54]} Bd8 {[%clk 0:22:29]} 44. Ke2 {[%clk 1:06:34]} Kf7
{[%clk 0:21:26]} 45. c5 {[%clk 1:05:54]} bxc5 {[%clk 0:20:46]} 46. Rb7+
{[%clk 1:06:05]} 1-0

[Event "World Chess Olympiad 2018"]
[Site "Batumi"]
[Date "2018.10.02"]
[Round "8"]
[Board "4"]
[WhiteFideId "10501673"]
[White "Sharikhan Shawal"]
[BlackFideId "6100511"]
[Black "Espinoza Jose"]
[Result "0-1"]
[LiveChessVersion "1.4.8"]
[BlackElo "2129"]
[WhiteElo "1712"]

1. Nf3 {[%clk 1:30:54]} Nf6 {[%clk 1:30:45]} 2. g3 {[%clk 1:30:24]} g6
{[%clk 1:29:25]} 3. Bg2 {[%clk 1:30:44]} Bg7 {[%clk 1:28:59]} 4. O-O
{[%clk 1:31:02]} O-O {[%clk 1:29:24]} 5. c4 {[%clk 1:30:37]} d6 {[%clk 1:27:37]}
6. d4 {[%clk 1:29:46]} Nc6 {[%clk 1:27:54]} 7. Nc3 {[%clk 1:29:53]} e5
{[%clk 1:27:19]} 8. dxe5 {[%clk 1:29:10]} Nxe5 {[%clk 1:26:36]} 9. Nxe5
{[%clk 1:27:20]} dxe5 {[%clk 1:26:57]} 10. Bg5 {[%clk 1:26:44]} Qxd1
{[%clk 1:21:03]} 11. Raxd1 {[%clk 1:26:08]} c6 {[%clk 1:21:20]} 12. Rd6
{[%clk 1:13:51]} Be6 {[%clk 1:21:01]} 13. b3 {[%clk 1:11:57]} h6 {[%clk 1:18:24]}
14. Bc1 {[%clk 1:05:47]} Rfe8 {[%clk 1:14:36]} 15. e4 {[%clk 0:58:41]} Bf8
{[%clk 1:12:02]} 16. Rd3 {[%clk 0:56:39]} Nd7 {[%clk 1:09:56]} 17. Be3
{[%clk 0:52:39]} Nc5 {[%clk 1:08:59]} 18. Rdd1 {[%clk 0:36:17]} Na6
{[%clk 1:01:08]} 19. Na4 {[%clk 0:28:20]} b6 {[%clk 0:59:13]} 20. f4
{[%clk 0:22:32]} Bg4 {[%clk 0:55:58]} 21. Rd2 {[%clk 0:20:58]} exf4
{[%clk 0:48:47]} 22. gxf4 {[%clk 0:19:20]} Rad8 {[%clk 0:48:26]} 23. Rxd8
{[%clk 0:06:28]} Rxd8 {[%clk 0:48:49]} 24. e5 {[%clk 0:06:44]} Rd3
{[%clk 0:49:02]} 25. Bf2 {[%clk 0:06:23]} Nb4 {[%clk 0:47:59]} 26. Re1
{[%clk 0:04:09]} Nxa2 {[%clk 0:45:29]} 27. Bxc6 {[%clk 0:03:16]} Rxb3
{[%clk 0:45:19]} 28. Re3 {[%clk 0:00:55]} Rb4 {[%clk 0:41:05]} 29. Nc3
{[%clk 0:01:06]} Rxc4 {[%clk 0:41:08]} 30. Bd5 {[%clk 0:00:32]} Rxc3
{[%clk 0:41:14]} 31. Bxa2 {[%clk 0:00:49]} Rc1+ {[%clk 0:41:05]} 32. Kg2
{[%clk 0:01:08]} Bc5 {[%clk 0:40:54]} 33. Rg3 {[%clk 0:00:45]} Rc2
{[%clk 0:40:27]} 0-1

[Event "World Chess Olympiad 2018"]
[Site "Batumi"]
[Date "2018.10.02"]
[Round "8"]
[Board "1"]
[WhiteFideId "1007220"]
[White "Croes Octavio"]
[BlackFideId "16301188"]
[Black "Bai Adelard"]
[Result "1/2-1/2"]
[LiveChessVersion "1.4.8"]
[BlackElo "2111"]
[WhiteElo "1805"]

1. d4 {[%clk 1:30:51]} Nf6 {[%clk 1:30:42]} 2. Nf3 {[%clk 1:31:17]} g6
{[%clk 1:31:02]} 3. g3 {[%clk 1:31:34]} Bg7 {[%clk 1:31:09]} 4. Bg2
{[%clk 1:31:53]} O-O {[%clk 1:31:15]} 5. O-O {[%clk 1:32:19]} d6 {[%clk 1:31:33]}
6. c4 {[%clk 1:32:43]} Nbd7 {[%clk 1:31:56]} 7. Nc3 {[%clk 1:33:03]} e5
{[%clk 1:32:19]} 8. e4 {[%clk 1:32:50]} exd4 {[%clk 1:32:06]} 9. Nxd4
{[%clk 1:33:06]} Re8 {[%clk 1:32:27]} 10. h3 {[%clk 1:30:43]} a6 {[%clk 1:32:39]}
11. Be3 {[%clk 1:29:35]} Rb8 {[%clk 1:32:59]} 12. Qc2 {[%clk 1:26:35]} Ne5
{[%clk 1:33:13]} 13. b3 {[%clk 1:24:11]} c5 {[%clk 1:33:35]} 14. Nde2
{[%clk 1:22:47]} b5 {[%clk 1:33:56]} 15. f4 {[%clk 1:19:29]} Ned7
{[%clk 1:33:35]} 16. Rad1 {[%clk 1:18:46]} Rb6 {[%clk 1:31:57]} 17. e5
{[%clk 1:06:10]} dxe5 {[%clk 1:30:44]} 18. Bxc5 {[%clk 1:06:22]} exf4
{[%clk 1:28:04]} 19. Nxf4 {[%clk 1:05:53]} g5 {[%clk 1:25:36]} 20. Nfd5
{[%clk 0:55:48]} Nxd5 {[%clk 1:21:37]} 21. Bxd5 {[%clk 0:53:56]} Rf6
{[%clk 1:21:21]} 22. Rxf6 {[%clk 0:48:00]} Qxf6 {[%clk 1:15:10]} 23. Ne4
{[%clk 0:34:07]} Qg6 {[%clk 1:15:16]} 24. Rf1 {[%clk 0:33:14]} Nxc5
{[%clk 1:09:43]} 25. Bxf7+ {[%clk 0:31:18]} Qxf7 {[%clk 1:10:07]} 26. Rxf7
{[%clk 0:31:25]} Nxe4 {[%clk 1:10:27]} 27. Rf3 {[%clk 0:29:09]} b4
{[%clk 1:06:46]} 28. Qd3 {[%clk 0:25:22]} Nc3 {[%clk 1:04:19]} 29. Kh2
{[%clk 0:13:39]} Bb7 {[%clk 1:03:42]} 30. Rf2 {[%clk 0:13:44]} Bc8
{[%clk 0:58:16]} 31. Qd6 {[%clk 0:13:00]} Be6 {[%clk 0:52:56]} 32. Qxb4
{[%clk 0:12:30]} Be5 {[%clk 0:52:43]} 33. Rf3 {[%clk 0:10:58]} Ne4
{[%clk 0:50:26]} 34. Qa5 {[%clk 0:07:35]} Bb8 {[%clk 0:46:36]} 35. Re3
{[%clk 0:05:36]} Bf7 {[%clk 0:46:11]} 36. Qf5 {[%clk 0:03:36]} Bg6
{[%clk 0:46:13]} 37. Qd5+ {[%clk 0:03:34]} Kh8 {[%clk 0:46:39]} 38. Kg2
{[%clk 0:02:15]} Ba7 {[%clk 0:45:18]} 39. Re1 {[%clk 0:00:57]} Rf8
{[%clk 0:41:37]} 40. Rxe4 {[%clk 0:30:37]} Rf2+ {[%clk 1:11:50]} 41. Kh1
{[%clk 0:30:49]} Bxe4+ {[%clk 1:11:44]} 42. Qxe4 {[%clk 0:31:09]} Rf1+
{[%clk 1:12:08]} 43. Kg2 {[%clk 0:30:10]} Rf2+ {[%clk 1:12:31]} 44. Kh1
{[%clk 0:30:25]} 1/2-1/2

[Event "World Chess Olympiad 2018"]
[Site "Batumi"]
[Date "2018.10.02"]
[Round "8"]
[Board "2"]
[WhiteFideId "3203824"]
[White "Song Raymond"]
[BlackFideId "15900037"]
[Black "Pesqueira Jose"]
[Result "1-0"]
[LiveChessVersion "1.4.8"]
[BlackElo "1801"]
[WhiteElo "2305"]

1. c4 {[%clk 1:30:58]} Nf6 {[%clk 1:30:25]} 2. Nf3 {[%clk 1:31:12]} e6
{[%clk 1:30:29]} 3. g3 {[%clk 1:31:38]} d5 {[%clk 1:29:48]} 4. Bg2
{[%clk 1:32:03]} Be7 {[%clk 1:29:48]} 5. O-O {[%clk 1:32:28]} O-O
{[%clk 1:30:08]} 6. b3 {[%clk 1:32:53]} b6 {[%clk 1:28:57]} 7. Bb2
{[%clk 1:33:19]} Bb7 {[%clk 1:29:04]} 8. cxd5 {[%clk 1:33:45]} exd5
{[%clk 1:29:07]} 9. d4 {[%clk 1:33:45]} Nbd7 {[%clk 1:27:57]} 10. Nc3
{[%clk 1:33:31]} a6 {[%clk 1:27:39]} 11. Rc1 {[%clk 1:33:33]} Bd6
{[%clk 1:27:47]} 12. Qc2 {[%clk 1:30:37]} Re8 {[%clk 1:27:36]} 13. e3
{[%clk 1:30:32]} Qe7 {[%clk 1:12:47]} 14. Nh4 {[%clk 1:28:14]} g6
{[%clk 1:09:51]} 15. Rfe1 {[%clk 1:28:15]} Rac8 {[%clk 0:58:19]} 16. Nf3
{[%clk 1:27:55]} c5 {[%clk 0:47:42]} 17. dxc5 {[%clk 1:28:21]} bxc5
{[%clk 0:45:49]} 18. Qb1 {[%clk 1:28:45]} Ne4 {[%clk 0:41:52]} 19. Nxe4
{[%clk 1:27:56]} dxe4 {[%clk 0:42:03]} 20. Nd2 {[%clk 1:28:21]} f5
{[%clk 0:33:03]} 21. Nc4 {[%clk 1:28:46]} Bc7 {[%clk 0:33:04]} 22. Red1
{[%clk 1:28:40]} Bc6 {[%clk 0:32:51]} 23. Bf1 {[%clk 1:28:59]} Ra8
{[%clk 0:29:41]} 24. Qc2 {[%clk 1:28:57]} h5 {[%clk 0:29:25]} 25. Qc3
{[%clk 1:26:14]} Kh7 {[%clk 0:26:46]} 26. Rd2 {[%clk 1:25:22]} Ne5
{[%clk 0:26:28]} 27. Nxe5 {[%clk 1:25:15]} Bxe5 {[%clk 0:26:49]} 28. Qxc5
{[%clk 1:25:30]} Bxb2 {[%clk 0:24:46]} 29. Rxb2 {[%clk 1:24:32]} Qf6
{[%clk 0:21:48]} 30. Rd2 {[%clk 1:22:20]} Rec8 {[%clk 0:16:23]} 31. Rd6
{[%clk 1:22:09]} Bb5 {[%clk 0:14:23]} 32. Rxf6 {[%clk 1:22:30]} 1-0